| 000 | 01113naa a22002897a 4500 | ||
|---|---|---|---|
| 001 | BR6010108 | ||
| 003 | BR-BrBNA | ||
| 005 | 20240918173146.0 | ||
| 007 | ta | ||
| 008 | 230509b bl.||||| |||| 00| 0 por d | ||
| 040 |
_aBR-BrBNA _bpor _cBiblioteca Nacional de Agricultura |
||
| 041 | _a(Pt) | ||
| 072 |
_aL00 _b5213 _bG514 |
||
| 090 | _aL00 BR6010108 | ||
| 100 | 1 | _aMenezes, D.G. de | |
| 111 | 1 |
_a1. Congresso Pecuario do Brasil Central _cBarretos, SP (Brazil) _d18 Apr 1941 |
|
| 245 | 1 | _aLimitacao a matanca de vacas e vitelos [Gado de corte; Abate; Brasil] | |
| 260 | 3 |
_aSao Paulo, SP (Brasil): _bSociedade Impressora Brasileira - Brusco, _c1942. |
|
| 500 | _aAnais do 1. Congresso Pecuario do Brasil Central Sao Paulo, SP (Brasil): Sociedade Impressora Brasileira - Brusco, 1942. p. 177-186 (BR6010108-AM)L00 | ||
| 650 | _aProducao animal | ||
| 650 | _aAbate | ||
| 650 | _aVaca de corte | ||
| 650 | _aVitela | ||
| 773 | 0 |
_tAnais do 1. Congresso Pecuario do Brasil Central _wL00 BR6010108 _gSao Paulo, SP (Brasil), 1942. p. 177-186 |
|
| 909 |
_a202404 _bLucia _c55 _dLucia Elande |
||
| 942 |
_cAM _2AGRIS |
||
| 999 |
_c303189 _d303189 |
||